[Metodológia vedeckého výskumu]

Recenzia na knižku Metodológia vedeckého výskumu od Benča, J. Publikácia oboznamuje čitateľov s podstatou vedy, vzťahom teórie a empírie vo vedeckom výskume, problémom tvorivosti vedeckovýskumnej činnosti a stratégiou a riadením vedeckého výskumu.

Salvato in:
Dettagli Bibliografici
Autore principale: Strážovská, Helena
Natura: Capitolo di libro
Lingua:slovacco
Soggetti:
Tags: Aggiungi Tag
Nessun Tag, puoi essere il primo ad aggiungerne!!

MARC

LEADER 00000naa$a2200000$$$4500
001 0038731
005 20231004103419.9
041 0 |a slo 
044 |a SK 
245 1 0 |a [Metodológia vedeckého výskumu]  |c Helena Strážovská 
520 |a Recenzia na knižku Metodológia vedeckého výskumu od Benča, J. Publikácia oboznamuje čitateľov s podstatou vedy, vzťahom teórie a empírie vo vedeckom výskume, problémom tvorivosti vedeckovýskumnej činnosti a stratégiou a riadením vedeckého výskumu. 
610 2 0 |a recenzie 
610 2 0 |a teórie ekonomické 
610 2 0 |a veda 
610 2 0 |a výskum 
610 2 0 |a metodológia vied 
100 1 |a Strážovská, Helena